Multiple Choice - Canadian History - Statistics

General Stats
  • This quiz has been taken 293 times
  • The average score is 10 of 15
Answer Stats
Question Answer % Correct
Mineral sought after during the 1890s in the Yukon Gold
94%
First Prime Minister of Canada John A. Macdonald
86%
First European power to colonise Canada France
83%
Ethnicity which constructed a large part of the Trans Canadian railway in the 19th century Chinese
81%
The first and only woman to be canadian prime minister Kim Campbell
81%
19th century war opposing the United States to Canada (British possession at the time) War of 1812
78%
British general who defeated the French in the Seven Years' War James Wolfe
75%
City formerly called ''York'' Toronto
75%
Act which granted Canada full independance Statute of Westminster
64%
Scandal which made the above resign Pacific scandal
58%
Founder of the Quebec Patriot Party Louis-Joseph Papineau
56%
Act which granted huge plots of land to the Province of Quebec Quebec Act
56%
Years in which Quebec referendums were held 1980 & 1995
44%
Governor who placed the last spike on the Trans Canadian railway Lord Strathcona
36%
Last governor of New France Pierre de Rigaud, Marquis de Vaudreuil-Cavagnal
31%
No matching quizzes found
Score Distribution
Percent of People with Each Score
Percentile by Number Answered
Your Score History
You have not taken this quiz